Příběhy z pekla : čeští vězni z koncentráků / Václav Suchan a kolektiv
Record details
- ISBN: 978-80-87033-25-8
- Physical Description: 130 stran : ilustrace (některé barevné), mapy, portréty, plány, faksimile ; 22 cm
- Publisher: Praha : Czech News Center a.s., 2015
Content descriptions
| General Note: | Název z obálky |
Search for related items by subject
| Subject: | vězni > Česko > 1939-1945 Židé > Česko > 1939-1945 koncentrační tábory > Evropa > 1939-1945 holocaust (1939-1945) prisoners > Czechia > 1939-1945 Jews > Czechia > 1939-1945 concentration camps > Europe > 1939-1945 holocaust (1939-1945) |
| Genre: | biografické příběhy rozhovory biographical stories interviews |
Search for related items by series
Available copies
- 1 of 1 copy available at Common Catalog SPOK.
Holds
- 0 current holds with 1 total copy.
Show Only Available Copies
| Location | Call Number / Copy Notes | Barcode | Shelving Location | Status | Due Date |
|---|---|---|---|---|---|
| The Jewish community of Prague | K 3553 | 4638301085 | K - Beletrie | Available | - |
Electronic resources
Version of Resource: Digitalizovaný dokument
| LDR | 02241nam a2200625 i 4500 | ||
|---|---|---|---|
| 001 | 53229 | ||
| 003 | CZ-PrJAB | ||
| 005 | 20201007123944.0 | ||
| 007 | ta | ||
| 008 | 170529s2015 xr abcee 000 0ccze | ||
| 015 | . | ‡acnb002695020 | |
| 020 | . | ‡a978-80-87033-25-8 ‡q(brožováno) : ‡cKč 39,00 | |
| 035 | . | ‡a(CZ PrNK)nkc20152695020 | |
| 035 | . | ‡a(OCoLC)993642997 | |
| 040 | . | ‡aABA001 ‡bcze ‡erda | |
| 043 | . | ‡ae------ ‡ae-xr--- | |
| 045 | . | ‡ax3x4 | |
| 072 | 7. | ‡a343.8 ‡xVězeňství ‡2Konspekt ‡918 | |
| 072 | 7. | ‡a929 ‡xBiografie ‡2Konspekt ‡98 | |
| 080 | . | ‡a343.8-051 ‡2MRF | |
| 080 | . | ‡a(=411.16) ‡2MRF | |
| 080 | . | ‡a929 ‡2MRF | |
| 080 | . | ‡a343.819.5 ‡2MRF | |
| 080 | . | ‡a323.12"1939/1945" ‡2MRF | |
| 080 | . | ‡a(437.3) ‡2MRF | |
| 080 | . | ‡a(4) ‡2MRF | |
| 080 | . | ‡a(0:82-322.6) ‡2MRF | |
| 080 | . | ‡a(047.53) ‡2MRF | |
| 100 | 1 | . | ‡aSuchan, Václav ‡7mzk2016918348 ‡4aut |
| 245 | 1 | 0. | ‡aPříběhy z pekla : ‡bčeští vězni z koncentráků / ‡cVáclav Suchan a kolektiv |
| 264 | 1. | ‡aPraha : ‡bCzech News Center a.s., ‡c2015 | |
| 300 | . | ‡a130 stran : ‡bilustrace (některé barevné), mapy, portréty, plány, faksimile ; ‡c22 cm | |
| 336 | . | ‡atext ‡btxt ‡2rdacontent | |
| 336 | . | ‡astatický obraz ‡bsti ‡2rdacontent | |
| 337 | . | ‡abez média ‡bn ‡2rdamedia | |
| 338 | . | ‡asvazek ‡bnc ‡2rdacarrier | |
| 490 | 1 | . | ‡aBlesk extra |
| 500 | . | ‡aNázev z obálky | |
| 648 | 7. | ‡a1939-1945 ‡7ch460653 ‡2czenas | |
| 650 | 0 | 7. | ‡avězni ‡7ph127393 ‡zČesko ‡y1939-1945 ‡2czenas |
| 650 | 0 | 7. | ‡aŽidé ‡7ph127782 ‡zČesko ‡y1939-1945 ‡2czenas |
| 650 | 0 | 7. | ‡akoncentrační tábory ‡7ph121782 ‡zEvropa ‡y1939-1945 ‡2czenas |
| 650 | 0 | 7. | ‡aholocaust (1939-1945) ‡7ph117203 ‡2czenas |
| 650 | 0 | 9. | ‡aprisoners ‡zCzechia ‡y1939-1945 ‡2eczenas |
| 650 | 0 | 9. | ‡aJews ‡zCzechia ‡y1939-1945 ‡2eczenas |
| 650 | 0 | 9. | ‡aconcentration camps ‡zEurope ‡y1939-1945 ‡2eczenas |
| 650 | 0 | 9. | ‡aholocaust (1939-1945) ‡2eczenas |
| 655 | 7. | ‡abiografické příběhy ‡7fd131953 ‡2czenas | |
| 655 | 7. | ‡arozhovory ‡7fd133303 ‡2czenas | |
| 655 | 9. | ‡abiographical stories ‡2eczenas | |
| 655 | 9. | ‡ainterviews ‡2eczenas | |
| 830 | 0. | ‡aBlesk extra | |
| 856 | 4 | 1. | ‡uhttp://krameriusndk.nkp.cz/search/handle/uuid:80ff9fb0-f08b-11ed-b48f-005056827e51 ‡yDigitalizovaný dokument |
| 910 | . | ‡aABE461 | |
| 995 | . | ‡aska | |
| 901 | . | ‡a53229 ‡bAUTOGEN ‡c53229 ‡tbiblio | |